Casta Carmina... notis perpetuis illustrata / (Record no. 43649)

MARC details
000 -LEADER
campo de control de longitud fija 00626nam a2200193 i 4500
001 - NÚMERO DE CONTROL
campo de control 43649
003 - IDENTIFICADOR DE NÚMERO DE CONTROL
campo de control ES-MaACL
005 - FECHA Y HORA DE LA ÚLTIMA TRANSACCIÓN
campo de control 20230906160842.0
007 - CAMPO FIJO DE DESCRIPCIÓN FÍSICA--INFORMACIÓN GENERAL
campo de control de longitud fija t|
008 - DATOS DE LONGITUD FIJA--INFORMACIÓN GENERAL
campo de control de longitud fija 030318s1777 it ||||1| lat d
100 1# - ENTRADA PRINCIPAL--NOMBRE DE PERSONA
Nombre de persona Catulo, Cayo Valerio.
9 (RLIN) 37089
245 10 - MENCIÓN DEL TÍTULO
Título Casta Carmina... notis perpetuis illustrata /
Mención de responsabilidad, etc. Cayo Valerio Cátulo, Albii tibulli et Sexti Aurelii Propertii.
250 ## - MENCION DE EDICION
Mención de edición Editio ceteris emendatior.
260 ## - PUBLICACIÓN, DISTRIBUCIÓN, ETC.
Lugar de publicación, distribución, etc. Bassani :
Nombre del editor, distribuidor, etc. [s.n.],
Fecha de publicación, distribución, etc. 1777.
300 ## - DESCRIPCIÓN FÍSICA
Extensión 192 p. ;
Dimensiones 14 cm.
700 1# - ENTRADA AGREGADA--NOMBRE PERSONAL
Nombre de persona Tibuli, Albii.
9 (RLIN) 110210
700 1# - ENTRADA AGREGADA--NOMBRE PERSONAL
Nombre de persona Propertii, Sexti Aurelii.
9 (RLIN) 94032
852 ## - LOCALIZACIÓN
Ubicación ES-MaACL
Número de control de estantería R-3201
Encuadernación Olim:B-6138
Holdings
Estatus retirado Estado de pérdida Estado de daño No para préstamo Colección Biblioteca de origen Biblioteca actual Ubicación en estantería Fecha de adquisición Fuente de adquisición Total de préstamos Signatura topográfica completa Código de barras Visto por última vez Precio de reemplazo Tipo de ítem Koha
        Libros del s. XVIII Biblioteca del Ateneo de Madrid Biblioteca del Ateneo de Madrid Depósito 17/01/2008     R-3201 1045947 23/02/2023 23/02/2023 Libro impreso antiguo